Transporte de fondo en un río de gravas y su relación con la dinámica del lecho fluvial /
ISBN:
8487779387
Publicado:
[Barcelona] : Logroño :
Servei de Parcs Naturals, Diputació de Barcelona ; Geoforma ,
1999
Descripción Física:
161 pàgines : il·lustracions ; 24 cm
Colección:
Monografías científicas (Geoforma)
Idioma:
Español
MARC
| LEADER | 00000namaa2200000 a 4500 | ||
|---|---|---|---|
| 001 | 26716 | ||
| 005 | 20260324181141.0 | ||
| 008 | 090427s1999 sp abdo b||| 000 ||spa | ||
| 017 | |a DL Z 2461-1999 | ||
| 020 | |a 8487779387 | ||
| 080 | |a Bib-939 | ||
| 100 | 1 | |a García, Celso | |
| 245 | 1 | 0 | |a Transporte de fondo en un río de gravas y su relación con la dinámica del lecho fluvial / |c Celso García |
| 260 | |a [Barcelona] : |b Servei de Parcs Naturals, Diputació de Barcelona ; |a Logroño : |b Geoforma, |c 1999 | ||
| 300 | |a 161 pàgines : |b il·lustracions ; |c 24 cm | ||
| 490 | 1 | |a Monografías científicas | |
| 504 | |a Bibliografía: p. 151-161 | ||
| 650 | 0 | 0 | |a Sediments fluvials |9 54378 |
| 650 | 0 | 0 | |a Cursos d'aigua |x Transport |
| 710 | |9 53492 |a Barcelona (Catalunya : Província). |b Servei de Parcs Naturals | ||
| 830 | 0 | |a Monografías científicas (Geoforma) | |
| 908 | |a UAB |a GCDAC | ||
| 940 | |a BNE | ||
| 942 | |2 udc |c ARXIU |n 1 | ||
| 952 | |0 0 |1 0 |4 0 |6 BIB939 |7 1 |9 63795 |a Arxiu |b Arxiu |d 2022-09-06 |l 0 |o Bib-939 |p 26716 |r 2022-09-06 00:00:00 |w 2022-09-06 |y ARXIU | ||
| 999 | |c 82642 |d 82642 | ||